Hướng dẫn kỹ thuật xây dựng nhà vùng bão lụt /
Gió bão và những vùng chịu ảnh hưởng, những thiệt hại, các dạng trường học trong vùng gió bão, tải trọng gió, các việc cần làm sau khi xảy ra tai hoạ, các yếu tố ảnh hưởng đến ngôi nhà, sửa chữa phục hồi, các trường hợp nghiên cứu phục hồi......
Đã lưu trong:
| Tác giả chính: | |
|---|---|
| Tác giả khác: | |
| Định dạng: | Sách |
| Ngôn ngữ: | Vietnamese |
| Được phát hành: |
Hà Nội :
Xây dựng,
1997.
|
| Những chủ đề: | |
| Các nhãn: |
Thêm thẻ
Không có thẻ, Là người đầu tiên thẻ bản ghi này!
|
| Thư viện lưu trữ: | Mạng thư viện Đại học Đà Nẵng |
|---|
| LEADER | 01226cam a2200337 i 4500 | ||
|---|---|---|---|
| 001 | 000042680 | ||
| 003 | 554 | ||
| 005 | 20041027104319.0 | ||
| 008 | 010217b1997 vm 000 vie | ||
| 020 | |c 18500 | ||
| 040 | |a IRC |c IRC |d IRC | ||
| 041 | 1 | |a vie | |
| 082 | 1 | 4 | |a 693.89 |b MA-K |
| 100 | 1 | |a Macks, K. J. | |
| 245 | 1 | 0 | |a Hướng dẫn kỹ thuật xây dựng nhà vùng bão lụt / |c K. J. Macks ; Trịnh Thành Huy dịch. |
| 260 | |a Hà Nội : |b Xây dựng, |c 1997. | ||
| 300 | |a 159 tr. ; |c 27 cm. | ||
| 520 | 3 | |a Gió bão và những vùng chịu ảnh hưởng, những thiệt hại, các dạng trường học trong vùng gió bão, tải trọng gió, các việc cần làm sau khi xảy ra tai hoạ, các yếu tố ảnh hưởng đến ngôi nhà, sửa chữa phục hồi, các trường hợp nghiên cứu phục hồi... | |
| 630 | 0 | 4 | |a Xây dựng. |
| 650 | 0 | 4 | |a Xây dựng nhà |x Hướng dẫn kỹ thuật. |
| 700 | 1 | |a Trịnh Thành Huy, |e dịch. | |
| OWN | |a DUT | ||
| 999 | |a From the UDN01 | ||
| TYP | |a Monograph | ||
| TYP | |a Printed language | ||
| 980 | |a Mạng thư viện Đại học Đà Nẵng | ||